00801nam a2200205Ia 4500003000900000008004100009040001600050080001800066245015600084260003600240300001500276650003400291650003700325700003300362700002900395700003000424942000700454999001500461952011900476IN-BaIIA211028s9999 xx 000 0 eng d cIIA Library a(05)52bANN-1 0aAnnual review of astronomy and astrophysicsbvol. 1cedited by Leo Goldberg, Armin Deutsch and David Layzer  aPalo AltobAnnual Reviewsc1963 avii, 418p. aAstronomy - Periodicals94087 aAstrophysics - Periodicals94088 aDeutsch, Armin J., ed.94089 aGoldberg, Leo, ed.94090 aLayzer, David, ed. 94091 cBK c2282d2282 00104070aBANbBANcGENd0000-00-00g40.50l0o(05)52/ ANN-1p2555r2021-11-05v40.50w0000-00-00yBKGRs. 40.50